| Tag |
First Indicator |
Second Indicator |
Subfields |
| LEADER |
00000cam a2200000 a 4500 |
| 001 |
in00002464310 |
| 005 |
20211202191153.0 |
| 006 |
m d f |
| 007 |
cr bn||||||||| |
| 008 |
090324s2009 dcu s f000 0 eng c |
| 035 |
|
|
|a (OCoLC)ocn316870718
|
| 040 |
|
|
|a GPO
|c GPO
|d GPO
|d MvI
|d UtOrBLW
|
| 042 |
|
|
|a pcc
|
| 043 |
|
|
|a n-us---
|
| 049 |
|
|
|a WWW
|
| 050 |
1 |
4 |
|a KF26
|b .A7 2008l
|
| 074 |
|
|
|a 1034-C (online)
|
| 086 |
0 |
|
|a Y 4.AR 5/3:S.HRG.110-720
|
| 110 |
1 |
|
|a United States.
|b Congress.
|b Senate.
|b Committee on Armed Services.
|
| 245 |
1 |
4 |
|a The treatment of detainees in U.S. custody :
|b hearings before the Committee on Armed Services, United States Senate, One Hundred Tenth Congress, second session, June 17 and September 25, 2008.
|
| 264 |
|
1 |
|a Washington :
|b U.S. G.P.O.,
|c 2009.
|
| 300 |
|
|
|a iii, 308 pages :
|b digital, PDF file.
|
| 336 |
|
|
|a text
|b txt
|2 rdacontent
|
| 337 |
|
|
|a computer
|b c
|2 rdamedia
|
| 338 |
|
|
|a online resource
|b cr
|2 rdacarrier
|
| 490 |
1 |
|
|a S. hrg. ;
|v 110-720
|
| 538 |
|
|
|a Mode of access: Internet from the GPO Access web site. Address as of 3/24/09: http://frwebgate.access.gpo.gov/cgi-bin/getdoc.cgi?dbname=110%5Fsenate%5Fhearings&docid=f:47298.pdf ; current access is available via PURL.
|
| 500 |
|
|
|a Title from title screen (viewed on Mar. 24, 2009).
|
| 500 |
|
|
|a Electronic resource.
|
| 650 |
|
0 |
|a Detention of persons
|x Government policy
|z United States.
|
| 650 |
|
0 |
|a Military interrogation
|x Government policy
|z United States.
|
| 650 |
|
0 |
|a Terrorists
|x Legal status, laws, etc.
|z United States.
|
| 650 |
|
0 |
|a Prisoners of war
|x Abuse of
|z Cuba
|z Guantánamo Bay Naval Base.
|
| 650 |
|
0 |
|a War on Terrorism, 2001-2009
|x Prisoners and prisons.
|
| 650 |
|
0 |
|a Soldiers
|x Training of
|z United States.
|
| 810 |
1 |
|
|a United States.
|b Congress.
|b Senate.
|t S. hrg. ;
|v 110-720.
|
| 856 |
4 |
0 |
|u https://purl.fdlp.gov/GPO/LPS110590
|t 0
|
| 999 |
|
|
|a MARS
|
| 999 |
f |
f |
|s 356335eb-028d-34b1-b6f1-3e3b24bf8f23
|i db4cdef3-6889-3cb7-b835-d531f75f3f72
|t 0
|
| 952 |
f |
f |
|a Texas A&M University
|b College Station
|c Electronic Resources
|d Available Online
|t 0
|e Y 4.AR 5/3:S.HRG.110-720
|h Superintendent of Documents classification
|
| 998 |
f |
f |
|a Y 4.AR 5/3:S.HRG.110-720
|t 0
|l Available Online
|